Des célébrités portant les initiales P - Statistiques

Statistiques générales
  • Ce quiz a été pris 132 fois
  • Le résultat moyen est 12 sur 24
Statistiques - réponses
Code Indice Célébrité % Correct
PB Chanteur et acteur français, célèbre pour Casser la voix Patrick Bruel
95%
PA Actrice et mannequin canadienne, icône de la série Alerte à Malibu Pamela Anderson
94%
PP Acteur chilien, star de The Mandalorian et The Last of Us Pedro Pascal
86%
PE Narcotrafiquant colombien, figure centrale du cartel de Medellín Pablo Escobar
81%
PN Acteur français césarisé, connu pour Yves Saint Laurent Pierre Niney
78%
PM Chanteur, compositeur et bassiste des Beatles Paul McCartney
72%
PO Chanteur français, auteur de nombreux succès comme Lucie Pascal Obispo
71%
PT Ancien Premier ministre canadien et père de Justin Trudeau Pierre Trudeau
68%
PR Acteur français, célèbre pour ses comédies comme La Chèvre Pierre Richard
65%
PH Héritière américaine et star de télé-réalité Paris Hilton
62%
PS Acteur et danseur américain, star de Dirty Dancing et Ghost Patrick Swayze
57%
PW Acteur américain, star de Fast and Furious Paul Walker
57%
PC Actrice espagnole oscarisée pour Vicky Cristina Barcelona Penélope Cruz
55%
PG Peintre français post-impressionniste, célèbre pour ses œuvres à Tahiti Paul Gauguin
50%
PJ Réalisateur néo-zélandais, auteur de la trilogie Le Seigneur des Anneaux Peter Jackson
47%
PL Entraîneur de natation français, célèbre pour son franc-parler Philippe Lucas
47%
PF Cycliste française multi-championne du monde et championne olympique Pauline Ferrand-Prévot
43%
PX Pape de l’Église catholique de 1939 à 1958 Pie XII
36%
PK Ancien footballeur néerlandais, légende de l’Ajax et du FC Barcelone Patrick Kluivert
22%
PD Footballeur argentin, vainqueur de la Coupe du monde 2022 Paulo Dybala
20%
PQ Joueur de pétanque français, 13 fois champion du monde Philippe Quintais
13%
PV Poète, essayiste et académicien français Paul Valéry
10%
PZ Agent de football israélien influent Pini Zahavi
8%
PI Joueur de poker américain, spécialiste du poker en heads-up Phil Ivey
1%
Aucun quiz correspondant
Distribution des résultats
% des personnes avec chaque résultat
Percentile par nombre de réponses
Votre historique - résultats
Vous n’avez pas pris ce quiz